<?xml version="1.0" encoding="UTF-8"?>
<record
    xmlns:xsi="http://www.w3.org/2001/XMLSchema-instance"
    xsi:schemaLocation="http://www.loc.gov/MARC21/slim http://www.loc.gov/standards/marcxml/schema/MARC21slim.xsd"
    xmlns="http://www.loc.gov/MARC21/slim">

  <leader>02564nam a2200349uu 4500</leader>
  <controlfield tag="001">1520966</controlfield>
  <controlfield tag="005">20260508093527.0</controlfield>
  <controlfield tag="008">190314s2004       ||||||m|         spa  </controlfield>
  <datafield tag="035" ind1=" " ind2=" ">
    <subfield code="a">1520966</subfield>
  </datafield>
  <datafield tag="040" ind1=" " ind2=" ">
    <subfield code="c">comduadb</subfield>
  </datafield>
  <datafield tag="041" ind1=" " ind2=" ">
    <subfield code="a">spa</subfield>
  </datafield>
  <datafield tag="082" ind1=" " ind2="4">
    <subfield code="a">620</subfield>
  </datafield>
  <datafield tag="100" ind1="1" ind2="0">
    <subfield code="a">Echavarr&#xED;a Vel&#xE1;squez, Alejandro Iv&#xE1;n</subfield>
    <subfield code="4">aut</subfield>
    <subfield code="e">aut</subfield>
    <subfield code="9">238479</subfield>
  </datafield>
  <datafield tag="245" ind1="1" ind2="0">
    <subfield code="a">Estudio del mecanismo de interacci&#xF3;n entre el cobre puro y los vapores de &#xE1;cido propi&#xF3;nico</subfield>
  </datafield>
  <datafield tag="260" ind1=" " ind2=" ">
    <subfield code="a">Medell&#xED;n :</subfield>
    <subfield code="b">Autores (as),</subfield>
    <subfield code="c">2004.</subfield>
  </datafield>
  <datafield tag="300" ind1=" " ind2=" ">
    <subfield code="a">xxxii, 241 p&#xE1;ginas :</subfield>
    <subfield code="b">ilustraciones.</subfield>
  </datafield>
  <datafield tag="505" ind1=" " ind2=" ">
    <subfield code="a">CONTENIDO : Introducci&#xF3;n. -- I. Estado del arte. -- La corrosi&#xF3;n atmosf&#xE9;rica. -- La interacci&#xF3;n atmosf&#xE9;rica entre el cobre y los &#xE1;cidos org&#xE1;nicos. -- Los &#xE1;cidos carbox&#xED;licos en la atm&#xF3;sfera. -- El cobre. -- Las p&#xE1;tinas de cobre. -- La corrosi&#xF3;n atmosf&#xE9;rica de los metales por &#xE1;cidos org&#xE1;nicos. -- II. Procedimiento experimental. -- Ensayo en condiciones din&#xE1;micas. -- Ensayo en condiciones est&#xE1;ticas. -- Obtenci&#xF3;n de compuestos ex situ. -- T&#xE9;cnicas de caracterizaci&#xF3;n de los productos de corrosi&#xF3;n. -- III. Resultados experimentales. -- Cobre expuesto en condiciones din&#xE1;micas. -- Cobre expuesto en condiciones est&#xE1;ticas. -- Caracterizaci&#xF3;n de compuestos ex situ. -- IV. An&#xE1;lisis de resultados. -- An&#xE1;lisis de los resultados de las t&#xE9;cnicas electroqu&#xED;micas. -- Efecto de las diferentes variables ambientales en el deterioro del cobre en ambientes de &#xE1;cido propi&#xF3;nico. -- Propuesta de un mecanismo de interacci&#xF3;n entre el cobre puro y los vapores de &#xE1;cido propi&#xF3;nico. -- Confrontaci&#xF3;n con modelos previos de interacci&#xF3;n del cobre en ambientes de &#xE1;cidos org&#xE1;nicos. -- V. Conclusiones. -- VI. Realizaciones del presente trabajo de investigaci&#xF3;n. -- VII. Recomendaciones para futuras investigaciones. -- VIII. Referencias bibliogr&#xE1;ficas.</subfield>
  </datafield>
  <datafield tag="520" ind1="3" ind2=" ">
    <subfield code="a">"El objetivo de este estudio es proponer el mecanismo de interacci&#xF3;n entre el cobre puro y los vapores de &#xE1;cido propi&#xF3;nico en ambientes con diferentes grados de agresividad."</subfield>
  </datafield>
  <datafield tag="650" ind1=" " ind2=" ">
    <subfield code="a">Cobre</subfield>
    <subfield code="9">10066</subfield>
  </datafield>
  <datafield tag="650" ind1=" " ind2="7">
    <subfield code="a">Corrosi&#xF3;n del cobre</subfield>
    <subfield code="2">lemb</subfield>
    <subfield code="9">25370</subfield>
  </datafield>
  <datafield tag="650" ind1=" " ind2=" ">
    <subfield code="a">&#xC1;cido propi&#xF3;nico</subfield>
    <subfield code="9">102419</subfield>
  </datafield>
  <datafield tag="650" ind1=" " ind2=" ">
    <subfield code="a">Humedad relativa</subfield>
    <subfield code="9">49483</subfield>
  </datafield>
  <datafield tag="650" ind1=" " ind2=" ">
    <subfield code="a">Corrosi&#xF3;n atmosf&#xE9;rica</subfield>
    <subfield code="9">8844</subfield>
  </datafield>
  <datafield tag="650" ind1=" " ind2=" ">
    <subfield code="a">Compuestos org&#xE1;nicos</subfield>
    <subfield code="9">41504</subfield>
  </datafield>
  <datafield tag="650" ind1=" " ind2="7">
    <subfield code="a">&#xC1;cidos org&#xE1;nicos</subfield>
    <subfield code="2">lemb</subfield>
    <subfield code="9">41695</subfield>
  </datafield>
  <datafield tag="650" ind1=" " ind2=" ">
    <subfield code="a">Productos de corrosi&#xF3;n</subfield>
    <subfield code="9">104161</subfield>
  </datafield>
  <datafield tag="700" ind1="1" ind2="0">
    <subfield code="a">Echavarr&#xED;a Echavarr&#xED;a, F&#xE9;lix</subfield>
    <subfield code="4">ths</subfield>
    <subfield code="e">ths</subfield>
    <subfield code="9">777973</subfield>
  </datafield>
  <datafield tag="700" ind1="1" ind2="0">
    <subfield code="a">Bastidas Rull, Jos&#xE9; Mar&#xED;a</subfield>
    <subfield code="4">ths</subfield>
    <subfield code="e">ths</subfield>
    <subfield code="9">399965</subfield>
  </datafield>
  <datafield tag="942" ind1=" " ind2=" ">
    <subfield code="c">TESIS</subfield>
  </datafield>
  <datafield tag="999" ind1=" " ind2=" ">
    <subfield code="c">800563</subfield>
    <subfield code="d">800563</subfield>
  </datafield>
  <datafield tag="502" ind1=" " ind2=" ">
    <subfield code="b">91</subfield>
    <subfield code="c">10</subfield>
  </datafield>
  <datafield tag="526" ind1=" " ind2=" ">
    <subfield code="a">91</subfield>
  </datafield>
  <datafield tag="952" ind1=" " ind2=" ">
    <subfield code="0">0</subfield>
    <subfield code="1">0</subfield>
    <subfield code="4">0</subfield>
    <subfield code="7">0</subfield>
    <subfield code="8">TESISBC</subfield>
    <subfield code="a">BC</subfield>
    <subfield code="b">BC</subfield>
    <subfield code="d">2019-03-14</subfield>
    <subfield code="e">Material adquirido por donaci&#xF3;n</subfield>
    <subfield code="i">C1308420</subfield>
    <subfield code="l">0</subfield>
    <subfield code="o">620.11223 E18</subfield>
    <subfield code="p">01048187</subfield>
    <subfield code="r">2023-05-04 00:00:00</subfield>
    <subfield code="t">1</subfield>
    <subfield code="w">2023-05-04</subfield>
    <subfield code="y">TESIS</subfield>
  </datafield>
</record>
